Zurich - Choix multiples - Statistiques

Statistiques générales
  • Ce quiz a été pris 2 274 fois
    2 239 depuis la dernière actualisation
  • Le résultat moyen est 6 sur 10
Statistiques - réponses
Question Réponse % Correct
Quelle langue parle-t-on majoritairement à Zurich ? Allemand
92%
Qu'est-ce que le Böögg qui est brûlé lors de la fête Sechseläuten ? Un bonhomme de neige géant, symbolisant l'hiver
67%
Quel club de football est un club de Zurich ? Grasshopper
64%
Quelle organisation sportive a son siège à Zurich ? La FIFA
62%
Quel idéologue a préparé la révolution bolchévique lors de son exil à Zurich ? Lénine
61%
Que trouve-t-on de manière caractéristique sur la Paradeplatz de Zurich ? Des banques
60%
Quel mouvement a été propagé par Ulrich Zwingli à Zurich au XVIe siècle, faisant de la ville une référence en la matière ? La Réforme protestante
46%
Eugen Bleuler, Franz Riklin, Alphonse Maeder et Carl Gustav Jung ont lancé une discipline avec l'école de Zurich, laquelle ? La psychologie analytique
45%
Quel est le blason de la ville de Zurich ?
43%
Lequel de ces opéras est l'Opernhaus de Zurich ?
41%
Aucun quiz correspondant
Distribution des résultats
% des personnes avec chaque résultat
Percentile par nombre de réponses
Votre historique - résultats
Vous n’avez pas pris ce quiz depuis la dernière actualisation